Contabilidad de costos: un enfoque gerencial

Tallennettuna:
Bibliografiset tiedot
Päätekijät: Horngren, Charles T (Tekijä), Foster, George (Tekijä), Datar, Srikant M (Tekijä)
Aineistotyyppi: Kirja
Kieli:espanja
Julkaistu: Ciudad de México Prentice Hall Hispanoamericana 1996
Painos:3a. ed
Aiheet:
Tagit: Lisää tagi
Ei tageja, Lisää ensimmäinen tagi!

MARC

LEADER 00000nam a2200000 a 4500
001 UCS9562
003 CL-VaPUC
008 971121e19960000MX |||||||||||||||||spa|d
082 0 4 |a 657.42  |b HOR  |2 21 
100 |a Horngren, Charles T  |e author  |9 590581 
700 0 |a Foster, George  |e author  |9 394742 
700 0 |a Datar, Srikant M  |e author  |9 394743 
245 1 0 |a Contabilidad de costos: un enfoque gerencial 
250 |a 3a. ed 
300 |a 970 p 
942 |c BK 
945 |d 19971121 00:00:00  |a jquezada 
260 |a Ciudad de México  |b Prentice Hall Hispanoamericana  |c 1996 
650 0 |a Contabilidad de costos   |9 260564 
650 0 |a Toma de decisiones   |9 257530 
650 0 |a Contabilidad gerencial  |9 263747 
650 0 |a Contabilidad financiera  |9 307017 
650 0 |a Análisis de costos  |9 315627 
650 0 |a Determinación de costos  |9 361679 
650 7 |a COSTOS FIJOS  |2 CL-VaPUC  |9 357996 
650 0 |a Costos variables  |9 366331 
583 |a last modification  |c 20170309 01:30:54  |k Rodrigo Vera 
999 |c 263345  |d 263343 
952 |0 0  |1 0  |4 0  |6 657_420000000000000_HOR_1996  |7 0  |8 A  |9 292581  |a BIBENE  |b BIBENE  |d 2019-11-19  |i 3368270  |o 657.42 HOR 1996  |p 3368270  |r 2025-01-15  |w 2019-11-19  |y BK  |k ICO 
952 |0 0  |1 0  |4 0  |6 657_420000000000000_HOR_1996  |7 0  |8 A  |9 292582  |a BIBENE  |b BIBENE  |d 2019-11-19  |i 3368289  |o 657.42 HOR 1996  |p 3368289  |r 2025-01-15  |w 2019-11-19  |y BK  |k ICO 
952 |0 0  |1 0  |4 0  |6 657_420000000000000_HOR_1996  |7 0  |8 A  |9 292583  |a BIBENE  |b BIBENE  |d 2019-11-19  |i 3510336  |o 657.42 HOR 1996  |p 3510336  |r 2025-01-15  |w 2019-11-19  |y BK  |k ICO 
952 |0 0  |1 0  |4 0  |6 657_420000000000000_HOR_1996  |7 0  |8 A  |9 292584  |a BIBGIM  |b BIBGIM  |d 2019-11-19  |i 3441539  |o 657.42 HOR 1996  |p 3441539  |r 2025-01-15  |w 2019-11-19  |y BK  |k COM